Every City in Indiana on a Map - Statistics

General Stats
  • This quiz has been taken 4,702 times
    3,547 since last reset
  • The average score is 45 of 566
Answers on the Map
Answers color-coded by a green-red scale on the quiz's map according to % correct below.
 
Answer Stats
Name Population % Correct
Indianapolis 891,484
98%
Gary 67,555
79%
Fort Wayne 273,203
70%
South Bend 103,713
65%
Evansville 115,395
56%
Bloomington 79,986
53%
Lafayette 71,757
48%
Carmel 103,606
45%
Terre Haute 58,531
42%
Muncie 65,320
40%
Washington 12,881
38%
West Lafayette 46,338
37%
Michigan City 31,466
35%
Columbus 51,970
34%
Kokomo 60,093
34%
East Chicago 25,768
33%
Fishers 103,986
32%
Hammond 76,030
32%
Elkhart 53,690
31%
Madison 12,108
29%
Anderson 55,851
28%
Jeffersonville 52,912
25%
Noblesville 75,239
25%
Valparaiso 35,065
25%
Monroe 900
24%
Richmond 35,561
24%
Franklin 26,158
23%
Greenwood 68,175
22%
Lawrence 49,817
20%
Marion 28,216
20%
Mishawaka 51,020
20%
Zionsville 33,161
20%
Warsaw 16,111
19%
Clarksville 22,041
18%
French Lick 1,753
18%
Wabash 10,275
18%
Westfield 62,994
18%
Brownsburg 33,430
17%
Goshen 34,458
17%
Greenville 1,448
17%
Lebanon 17,608
17%
Merrillville 36,989
17%
New Albany 37,652
17%
Plymouth 11,042
17%
Speedway 14,268
17%
Vincennes 16,506
17%
Avon 24,735
16%
Crown Point 35,097
16%
Frankfort 16,459
16%
Hamilton 1,555
16%
La Porte 22,444
16%
Portage 38,576
16%
Angola 9,432
15%
Greenfield 26,268
15%
Nashville 1,264
15%
New Castle 17,382
15%
Peru 11,003
15%
Plainfield 37,796
15%
Rochester 6,110
15%
Santa Claus 2,657
15%
Auburn 13,989
14%
Bedford 13,853
14%
Crawfordsville 16,594
14%
Danville 12,532
14%
Decatur 10,072
14%
Huntington 17,033
14%
Jasper 16,967
14%
Logansport 18,168
14%
Munster 23,634
14%
Portland 6,233
14%
Shelbyville 20,845
14%
St. John 24,250
14%
Brazil 8,239
13%
Chesterton 14,655
13%
Dayton 1,372
13%
Greencastle 9,907
13%
Hobart 29,418
13%
Martinsville 11,952
13%
Salem 6,463
13%
Seymour 22,524
13%
Albany 2,291
12%
Edinburgh 4,478
12%
Georgetown 3,837
12%
Schererville 29,780
12%
Whitestown 14,564
12%
Whiting 4,491
12%
Alexandria 5,211
11%
Aurora 3,515
11%
Beech Grove 14,566
11%
Boston 152
11%
Bristol 1,805
11%
Brook 942
11%
Charlestown 8,559
11%
Clinton 4,802
11%
Dyer 16,341
11%
Knox 3,630
11%
Mount Vernon 6,341
11%
Oxford 1,182
11%
Princeton 8,481
11%
Warren 1,198
11%
Akron 1,091
10%
Austin 4,156
10%
Columbia City 10,185
10%
Dublin 677
10%
Gas City 6,091
10%
Greensburg 12,317
10%
Griffith 16,192
10%
Highland 23,497
10%
Jamestown 964
10%
Lowell 11,449
10%
Milan 1,831
10%
Mooresville 10,027
10%
New Haven 16,200
10%
Porter 5,190
10%
Winchester 4,800
10%
Atlanta 737
9%
Bluffton 10,556
9%
Cedar Lake 16,404
9%
Connersville 13,282
9%
Corydon 3,153
9%
Dale 1,532
9%
Hanover 3,827
9%
Lake Station 13,033
9%
Lawrenceburg 5,216
9%
Newport 412
9%
Rensselaer 5,632
9%
Southport 2,081
9%
St. Paul 966
9%
Syracuse 3,236
9%
Tell City 7,515
9%
Tipton 5,285
9%
Van Buren 786
9%
Versailles 2,188
9%
Yorktown 11,900
9%
Batesville 7,353
8%
Bremen 4,603
8%
Burns Harbor 2,147
8%
Butler 2,669
8%
Cicero 5,607
8%
Covington 2,751
8%
Cumberland 7,211
8%
Delphi 3,018
8%
Denver 466
8%
Elizabeth 201
8%
Fremont 2,065
8%
Greensboro 125
8%
Kendallville 10,326
8%
Lagrange 2,757
8%
Liberty 1,981
8%
McCordsville 11,744
8%
Montgomery 784
8%
Monticello 5,519
8%
New Palestine 3,621
8%
Pendleton 5,758
8%
Rushville 6,208
8%
Scottsburg 7,413
8%
Sellersburg 10,057
8%
Sheridan 3,487
8%
Shipshewana 852
8%
Spencer 2,500
8%
Union City 3,435
8%
Albion 2,254
7%
Attica 3,247
7%
Bargersville 11,283
7%
Battle Ground 1,904
7%
Berne 4,310
7%
Bloomfield 2,297
7%
Boonville 6,687
7%
Burlington 530
7%
Centerville 2,769
7%
Chesterfield 2,519
7%
Clayton 949
7%
Culver 1,220
7%
DeMotte 4,279
7%
Ellettsville 6,829
7%
Elwood 8,495
7%
Fortville 4,927
7%
Hebron 3,746
7%
Knightstown 2,158
7%
Lakeville 878
7%
Marshall 277
7%
Meridian Hills 1,779
7%
Middletown 2,270
7%
Mitchell 3,964
7%
Morgantown 998
7%
Morocco 1,081
7%
Nappanee 6,902
7%
Newburgh 3,430
7%
New Chicago 1,976
7%
Orleans 2,077
7%
Paoli 3,617
7%
Petersburg 2,269
7%
Rising Sun 2,219
7%
Roanoke 1,796
7%
Rockville 2,589
7%
Sullivan 4,240
7%
Troy 367
7%
Utica 1,254
7%
Waterloo 2,157
7%
West Terre Haute 2,153
7%
Westville 5,260
7%
Whiteland 5,511
7%
Winfield 8,557
7%
Arcadia 1,464
6%
Argos 1,750
6%
Beverly Shores 602
6%
Brooklyn 2,595
6%
Brownstown 3,077
6%
Cambridge City 1,736
6%
Camden 609
6%
Carlisle 615
6%
Clermont 1,385
6%
Cloverdale 2,172
6%
Dunkirk 2,106
6%
Eaton 1,594
6%
Fillmore 552
6%
Fowler 2,385
6%
Fulton 290
6%
Galveston 1,275
6%
Garrett 6,663
6%
Geneva 1,287
6%
Greentown 2,405
6%
Hagerstown 1,684
6%
Hartford City 5,927
6%
Holland 604
6%
Hope 2,166
6%
Hudson 592
6%
Huntertown 11,481
6%
Huntingburg 6,512
6%
Jonesboro 1,506
6%
Kentland 1,626
6%
Kouts 2,058
6%
Lewisville 340
6%
Ligonier 4,650
6%
Linton 5,281
6%
Long Beach 1,168
6%
Loogootee 2,617
6%
Lynn 946
6%
Michiana Shores 305
6%
Middlebury 3,721
6%
Milton 438
6%
Monon 1,929
6%
Monroeville 1,343
6%
Monrovia 2,322
6%
Montpelier 1,502
6%
New Carlisle 1,913
6%
New Harmony 686
6%
Newtown 219
6%
North Manchester 5,237
6%
North Vernon 6,565
6%
Ogden Dunes 1,172
6%
Orland 392
6%
Osceola 2,600
6%
Pittsboro 4,288
6%
Remington 1,367
6%
Rockport 1,989
6%
Rocky Ripple 651
6%
Russiaville 1,314
6%
Topeka 1,226
6%
Upland 3,819
6%
Vernon 234
6%
Vevay 1,762
6%
Walkerton 2,098
6%
Williamsport 1,953
6%
Winamac 2,351
6%
Advance 512
5%
Alton 30
5%
Amo 426
5%
Andrews 1,061
5%
Ashley 1,041
5%
Avilla 2,494
5%
Bicknell 2,999
5%
Bourbon 1,671
5%
Brookston 1,640
5%
Brookville 2,655
5%
Carbon 258
5%
Cayuga 954
5%
Chandler 3,914
5%
Churubusco 1,857
5%
Clay City 884
5%
Clear Lake 358
5%
Crows Nest 69
5%
Daleville 1,711
5%
Dune Acres 231
5%
English 688
5%
Fairland 540
5%
Fairmount 2,666
5%
Farmersburg 1,066
5%
Ferdinand 2,188
5%
Flora 2,117
5%
Fort Branch 2,935
5%
Frankton 1,817
5%
Gaston 806
5%
Grabill 1,162
5%
Greendale 4,581
5%
Haubstadt 1,621
5%
Hillsboro 509
5%
Ingalls 2,627
5%
Jasonville 2,003
5%
La Crosse 558
5%
La Paz 463
5%
Lapel 2,516
5%
Leesburg 550
5%
Lizton 507
5%
Markle 1,089
5%
Milford 1,684
5%
Millersburg 957
5%
Morristown 1,197
5%
New Whiteland 5,842
5%
North Judson 1,814
5%
North Liberty 1,632
5%
Oakland City 2,269
5%
Odon 1,386
5%
Oolitic 1,136
5%
Osgood 1,590
5%
Ossian 3,438
5%
Poseyville 968
5%
Richland 416
5%
Roseland 853
5%
Rossville 1,513
5%
Shadeland 1,839
5%
South Whitley 1,849
5%
St. Joe 417
5%
Thorntown 1,428
5%
Trafalgar 1,607
5%
Wakarusa 2,006
5%
Walton 980
5%
Wanatah 980
5%
Warren Park 1,492
5%
Westport 1,391
5%
Wheatfield 924
5%
Winona Lake 5,107
5%
Wolcott 952
5%
Woodburn 1,613
5%
Zanesville 593
5%
Alamo 67
4%
Amboy 310
4%
Bainbridge 710
4%
Bethany 97
4%
Birdseye 410
4%
Bloomingdale 274
4%
Borden 816
4%
Boswell 811
4%
Bryant 237
4%
Bunker Hill 816
4%
Cadiz 161
4%
Cannelton 1,498
4%
Carthage 916
4%
Chalmers 523
4%
Chrisney 474
4%
Clarks Hill 619
4%
Claypool 395
4%
Coatesville 573
4%
Colfax 703
4%
Converse 1,125
4%
Crane 164
4%
Cromwell 484
4%
Crothersville 1,517
4%
Cynthiana 554
4%
Dana 552
4%
Darlington 720
4%
Darmstadt 1,418
4%
Dugger 795
4%
Dupont 338
4%
Earl Park 364
4%
Edgewood 2,077
4%
Elizabethtown 417
4%
Elnora 629
4%
Etna Green 578
4%
Farmland 1,260
4%
Fountain City 698
4%
Francesville 823
4%
Francisco 536
4%
Glenwood 242
4%
Goodland 971
4%
Gosport 858
4%
Griffin 142
4%
Hamlet 780
4%
Harmony 673
4%
Homecroft 750
4%
Indian Village 115
4%
Jonesville 179
4%
Kennard 451
4%
Kewanna 560
4%
Kingman 565
4%
Kingsbury 186
4%
Kingsford Heights 1,323
4%
Kirklin 710
4%
Ladoga 1,096
4%
La Fontaine 802
4%
Lanesville 939
4%
Larwill 276
4%
Leo-Cedarville 3,761
4%
Linden 726
4%
Lynnville 874
4%
Lyons 635
4%
Marengo 821
4%
Matthews 485
4%
Medaryville 556
4%
Mentone 925
4%
Michigantown 423
4%
Milltown 804
4%
Modoc 158
4%
Monterey 189
4%
Montezuma 926
4%
Mount Etna 114
4%
Mulberry 1,222
4%
Napoleon 238
4%
New Amsterdam 16
4%
New Richmond 315
4%
New Ross 312
4%
North Crows Nest 44
4%
North Salem 474
4%
North Webster 999
4%
Oaktown 580
4%
Oldenburg 647
4%
Otterbein 1,141
4%
Owensville 1,332
4%
Palmyra 905
4%
Paragon 572
4%
Parker City 1,271
4%
Patoka 709
4%
Pennville 616
4%
Pierceton 931
4%
Redkey 1,075
4%
Reynolds 533
4%
Riley 238
4%
Roann 436
4%
Rome City 1,315
4%
Royal Center 793
4%
Saratoga 230
4%
Schneider 262
4%
Selma 744
4%
Sharpsville 540
4%
Shelburn 1,111
4%
Shirley 840
4%
Shoals 676
4%
Silver Lake 873
4%
Somerville 246
4%
Spiceland 963
4%
Spring Hill 95
4%
Spring Lake 215
4%
Staunton 468
4%
St. Leon 669
4%
Sunman 932
4%
Swayzee 905
4%
Town of Pines 592
4%
Trail Creek 2,010
4%
Ulen 115
4%
Veedersburg 2,096
4%
Waveland 439
4%
Waynetown 974
4%
West Harrison 332
4%
Wilkinson 418
4%
Williams Creek 429
4%
Wingate 249
4%
Worthington 1,406
4%
Wynnedale 214
4%
Alfordsville 66
3%
Altona 219
3%
Ambia 234
3%
Blountsville 97
3%
Brooksburg 70
3%
Bruceville 449
3%
Burket 125
3%
Burnettsville 391
3%
Campbellsburg 539
3%
Cannelburg 176
3%
Cedar Grove 146
3%
Center Point 211
3%
Clifford 211
3%
Corunna 239
3%
Country Club Heights 97
3%
Crandall 138
3%
Decker 198
3%
Dillsboro 1,387
3%
Dunreith 170
3%
East Germantown 259
3%
Economy 147
3%
Edwardsport 280
3%
Elberfeld 669
3%
Fairview Park 1,417
3%
Fowlerton 273
3%
Gentryville 258
3%
Grandview 705
3%
Greens Fork 329
3%
Hartsville 321
3%
Hazleton 197
3%
Holton 426
3%
Hymera 661
3%
Kempton 280
3%
Knightsville 694
3%
Laconia 74
3%
Lagro 348
3%
Laurel 412
3%
Leavenworth 286
3%
Little York 191
3%
Livonia 102
3%
Losantville 219
3%
Mackey 129
3%
Macy 194
3%
Markleville 489
3%
Mauckport 45
3%
Mecca 278
3%
Medora 647
3%
Mellott 175
3%
Merom 209
3%
Millhousen 147
3%
Monroe City 489
3%
Mooreland 342
3%
Moores Hill 696
3%
Mount Auburn 126
3%
Mount Ayr 116
3%
Mount Carmel 78
3%
Mount Summit 349
3%
Newberry 159
3%
New Market 558
3%
New Middletown 89
3%
New Pekin 1,333
3%
New Point 316
3%
Onward 76
3%
Orestes 341
3%
Patriot 208
3%
Perrysville 461
3%
Pine Village 211
3%
Plainville 491
3%
Poneto 176
3%
Pottawattamie Park 235
3%
Prince's Lakes 1,372
3%
Ridgeville 687
3%
River Forest 26
3%
Roachdale 871
3%
Rosedale 653
3%
Russellville 314
3%
Salamonia 147
3%
Sandborn 360
3%
Seelyville 1,005
3%
Shamrock Lakes 216
3%
Sidney 129
3%
Spring Grove 332
3%
Springport 134
3%
Spurgeon 168
3%
State Line City 123
3%
Stilesville 276
3%
Stinesville 202
3%
Straughn 260
3%
Sulphur Springs 335
3%
Summitville 1,004
3%
Sweetser 1,072
3%
Switz City 274
3%
Tennyson 225
3%
Uniondale 276
3%
Universal 284
3%
Vera Cruz 70
3%
Wallace 81
3%
West Baden Springs 646
3%
West College Corner 512
3%
West Lebanon 684
3%
Wheatland 392
3%
Whitewater 71
3%
Winslow 761
3%
Wolcottville 1,036
3%
Woodlawn Heights 90
3%
Yeoman 120
3%
Saltillo 101
2%
Windfall City 678
1%
No matching quizzes found
Score Distribution
Percent of People with Each Score
Percentile by Number Answered
Your Score History
You have not taken this quiz since the last reset